000 00273nam a2200097Ia 4500
008 190216s9999||||xx |||||||||||||| ||und||
100 _aProf.Sharangadaran
245 0 _aSambathikabivridiyudeyum Vikasanathindeyum Sidhantham
260 _bKerala Basha Inst
942 _cBK
999 _c37849
_d37849